[Event "390 Stay Safe Play From Home series"]
[Site "Emanuel Lasker Arena"]
[Date "2020.08.17"]
[Round "5"]
[White "Lazieri3"]
[Black "Greblha"]
[Result "0-1"]
[WhiteElo "1898"]
[BlackElo "1916"]
[Annotator "RC"]
[PlyCount "148"]
[EventDate "2020.08.17"]
[EventType "swiss (blitz)"]

1. e4 {[%emt 0:00:01]} c6 {[%emt 0:00:00]} 2. d4 {[%emt 0:00:01]} d5 {[%emt 0:00:00]} 3. Nc3 {[%emt 0:00:02]} dxe4 {[%emt 0:00:01]} 4. Nxe4 {[%emt 0:00:01]} Nf6 {[%emt 0:00:00]} 5. Nxf6+ {[%emt 0:00:02]} gxf6 {[%emt 0:00:00]} 6. Nf3 {[%emt 0:00:00]} Bg4 {[%emt 0:00:01]} 7. c3 {[%emt 0:00:00]} e6 {[%emt 0:00:00]} 8. Be2 {[%emt 0:00:01]} Bd6 {[%emt 0:00:01]} 9. Be3 {[%emt 0:00:01]} Qc7 {[%emt 0:00:01]} 10. h3 {[%emt 0:00:01]} Bh5 {[%emt 0:00:02]} 11. Nd2 {[%emt 0:00:01]} Bxe2 {[%emt 0:00:01]} 12. Qxe2 {[%emt 0:00:01]} Bf4 {[%emt 0:00:01]} 13. Bxf4 {[%emt 0:00:03]} Qxf4 {[%emt 0:00:01]} 14. Qf3 {[%emt 0:00:00]} Qxf3 {[%emt 0:00:02]} 15. Nxf3 {[%emt 0:00:00]} Nd7 {[%emt 0:00:01]} 16. O-O-O {[%emt 0:00:03]} O-O-O {[%emt 0:00:01]} 17. g3 {[%emt 0:00:07]} f5 {[%emt 0:00:01]} 18. Rde1 {[%emt 0:00:06]} h6 {[%emt 0:00:02]} 19. Ne5 {[%emt 0:00:03]} Nxe5 {[%emt 0:00:02]} 20. Rxe5 {[%emt 0:00:00]} Rd5 {[%emt 0:00:01]} 21. Rhe1 {[%emt 0:00:02]} Rg8 {[%emt 0:00:02]} 22. Kd2 {[%emt 0:00:03]} h5 {[%emt 0:00:03]} 23. Rxd5 {[%emt 0:00:08]} cxd5 {[%emt 0:00:01]} 24. Ke3 {[%emt 0:00:04]} Kd7 {[%emt 0:00:02]} 25. Kf4 {[%emt 0:00:02]} Kd6 {[%emt 0:00:02]} 26. Kf3 {[%emt 0:00:02]} Ke7 {[%emt 0:00:02]} 27. Rg1 {[%emt 0:00:03]} Kf6 {[%emt 0:00:02]} 28. Kf4 {[%emt 0:00:11]} Rg7 {[%emt 0:00:07]} 29. a4 {[%emt 0:00:16]} Rg8 {[%emt 0:00:06]} 30. f3 {[%emt 0:00:01]} a6 {[%emt 0:00:03]} 31. g4 {[%emt 0:00:03]} fxg4 {[%emt 0:00:02]} 32. fxg4 {[%emt 0:00:05]} hxg4 {[%emt 0:00:04]} 33. Rxg4 {[%emt 0:00:00]} Rh8 {[%emt 0:00:01]} 34. h4 {[%emt 0:00:02]} Rc8 {[%emt 0:00:06]} 35. a5 {[%emt 0:00:06]} b6 {[%emt 0:00:05]} 36. axb6 {[%emt 0:00:02]} Rb8 {[%emt 0:00:01]} 37. h5 {[%emt 0:00:15]} Rxb6 {[%emt 0:00:04]} 38. h6 {[%emt 0:00:02]} Rxb2 {[%emt 0:00:05]} 39. Rh4 {[%emt 0:00:01]} Rb8 {[%emt 0:00:08]} 40. Rh1 {[%emt 0:00:09]} Rh8 {[%emt 0:00:07]} 41. Ra1 {[%emt 0:00:01]} Rxh6 {[%emt 0:00:03]} 42. Rxa6 {[%emt 0:00:00]} Rh4+ {[%emt 0:00:02]} 43. Kf3 {[%emt 0:00:04]} Rh3+ {[%emt 0:00:02]} 44. Kf4 {[%emt 0:00:01]} Rxc3 {[%emt 0:00:01]} 45. Ra8 {[%emt 0:00:01]} Rd3 {[%emt 0:00:01]} 46. Ra4 {[%emt 0:00:02]} Rd1 {[%emt 0:00:03]} 47. Ke3 {[%emt 0:00:01]} Kf5 {[%emt 0:00:01]} 48. Ra7 {[%emt 0:00:01]} f6 {[%emt 0:00:01]} 49. Re7 {[%emt 0:00:03]} Re1+ {[%emt 0:00:06]} 50. Kd2 {[%emt 0:00:02]} Re4 {[%emt 0:00:02]} 51. Kd3 {[%emt 0:00:00]} Kf4 {[%emt 0:00:07]} 52. Rf7 {[%emt 0:00:01]} Kf5 {[%emt 0:00:07]} 53. Rf8 {[%emt 0:00:03]} Rh4 {[%emt 0:00:01]} 54. Re8 {[%emt 0:00:05]} Rh3+ {[%emt 0:00:01]} 55. Ke2 {[%emt 0:00:02]} Ke4 {[%emt 0:00:02]} 56. Rxe6+ {[%emt 0:00:01]} Kxd4 {[%emt 0:00:01]} 57. Rxf6 {[%emt 0:00:02]} Rh2+ {[%emt 0:00:02]} 58. Kd1 {[%emt 0:00:01]} Kd3 {[%emt 0:00:02]} 59. Rf3+ {[%emt 0:00:01]} Ke4 {[%emt 0:00:01]} 60. Rg3 {[%emt 0:00:02]} d4 {[%emt 0:00:01]} 61. Rg4+ {[%emt 0:00:01]} Kd3 {[%emt 0:00:02]} 62. Rg3+ {[%emt 0:00:01]} Kc4 {[%emt 0:00:01]} 63. Rg8 {[%emt 0:00:01]} Kc3 {[%emt 0:00:01]} 64. Ra8 {[%emt 0:00:03]} Rh1+ {[%emt 0:00:02]} 65. Ke2 {[%emt 0:00:01]} d3+ {[%emt 0:00:00]} 66. Ke3 {[%emt 0:00:01]} Re1+ {[%emt 0:00:01]} 67. Kf2 {[%emt 0:00:00]} Re5 {[%emt 0:00:03]} 68. Rc8+ {[%emt 0:00:00]} Kd2 {[%emt 0:00:02]} 69. Ra8 {[%emt 0:00:01]} Rf5+ {[%emt 0:00:01]} 70. Kg3 {[%emt 0:00:00]} Ke2 {[%emt 0:00:02]} 71. Re8+ {[%emt 0:00:01]} Kd1 {[%emt 0:00:02]} 72. Kg4 {[%emt 0:00:00]} Rf7 {[%emt 0:00:01]} 73. Re7 {[%emt 0:00:02]} Rxe7 {[%emt 0:00:02]} 74. Kf5 {[%emt 0:00:00]} Re2 {[%emt 0:00:01] Time Time Time (Lag: Av=0.53s, max=1.1s) (Lag: Av=0.53s, max=1.1s) (Lag: Av=0.53s, max=1.1s)} 0-1

[Event "390 Stay Safe Play From Home series"]
[Site "Emanuel Lasker Arena"]
[Date "2020.08.17"]
[Round "5"]
[White "Haris kollari 13"]
[Black "Dukic"]
[Result "1-0"]
[WhiteElo "1879"]
[BlackElo "1733"]
[Annotator "NA RC"]
[PlyCount "69"]
[EventDate "2020.08.17"]
[EventType "swiss (blitz)"]

1. e4 {[%emt 0:00:01]} c6 {[%emt 0:00:02]} 2. d4 {[%emt 0:00:01]} d6 {[%emt 0:00:00]} 3. f4 {[%emt 0:00:01]} Nd7 {[%emt 0:00:01]} 4. Nf3 {[%emt 0:00:01]} Qc7 {[%emt 0:00:01]} 5. c4 {[%emt 0:00:01]} e5 {[%emt 0:00:03]} 6. d5 {[%emt 0:00:03]} Ngf6 {[%emt 0:00:01]} 7. Nc3 {[%emt 0:00:02]} Qa5 {[%emt 0:00:06]} 8. Bd3 {[%emt 0:00:03]} Nc5 {[%emt 0:00:02]} 9. Qe2 {[%emt 0:00:11]} Nfd7 {[%emt 0:00:17]} 10. O-O {[%emt 0:00:04]} Nb3 {[%emt 0:00:06]} 11. axb3 {[%emt 0:00:02]} Qxa1 {[%emt 0:00:02]} 12. fxe5 {[%emt 0:00:03]} Nxe5 {[%emt 0:00:09]} 13. Nxe5 {[%emt 0:00:01]} dxe5 {[%emt 0:00:01]} 14. Na4 {[%emt 0:00:03]} Qa2 {[%emt 0:00:09]} 15. Bc2 {[%emt 0:00:04]} Be7 {[%emt 0:00:13]} 16. c5 {[%emt 0:00:08]} O-O {[%emt 0:00:03]} 17. d6 {[%emt 0:00:01]} Bd8 {[%emt 0:00:02]} 18. Qd3 {[%emt 0:00:15]} Be6 {[%emt 0:00:02]} 19. Bd2 {[%emt 0:00:06]} b5 {[%emt 0:00:04]} 20. cxb6 {[%emt 0:00:07]} axb6 {[%emt 0:00:01]} 21. Bc1 {[%emt 0:00:09]} b5 {[%emt 0:00:03]} 22. Nc3 {[%emt 0:00:02]} Bb6+ {[%emt 0:00:02]} 23. Kh1 {[%emt 0:00:01]} Bd4 {[%emt 0:00:01]} 24. Nxa2 {[%emt 0:00:02]} Rxa2 {[%emt 0:00:02]} 25. Be3 {[%emt 0:00:01]} c5 {[%emt 0:00:10]} 26. Bxd4 {[%emt 0:00:04]} cxd4 {[%emt 0:00:01]} 27. Qxb5 {[%emt 0:00:03]} Rxb2 {[%emt 0:00:01]} 28. Bd1 {[%emt 0:00:01]} Rd8 {[%emt 0:00:02]} 29. Qxe5 {[%emt 0:00:01]} d3 {[%emt 0:00:02]} 30. Qxb2 {[%emt 0:00:01]} Rxd6 {[%emt 0:00:02]} 31. Bf3 {[%emt 0:00:03]} d2 {[%emt 0:00:01]} 32. Rd1 {[%emt 0:00:01]} Rd3 {[%emt 0:00:05]} 33. Rxd2 {[%emt 0:00:04]} Rxb3 {[%emt 0:00:01]} 34. Qxb3 {[%emt 0:00:03]} Bxb3 {[%emt 0:00:01]} 35. Rd8# {[%emt 0:00:01] (Lag: Av=0.46s, max=0.8s) (Lag: Av=0.46s, max=0.8s) (Lag: Av=0.46s, max=0.8s)} 1-0

[Event "390 Stay Safe Play From Home series"]
[Site "Emanuel Lasker Arena"]
[Date "2020.08.17"]
[Round "5"]
[White "Padmaesh M K"]
[Black "MihailoVujic"]
[Result "1-0"]
[WhiteElo "1797"]
[BlackElo "2158"]
[Annotator "TA"]
[PlyCount "109"]
[EventDate "2020.08.17"]
[EventType "swiss (blitz)"]

{[%evp 13,109,12,50,39,64,19,29,0,0,-10,-5,-17,72,27,120,132,139,128,134,77,96,-60,-77,-75,83,54,53,49,51,-53,115,-650,329,322,320,0,0,0,0,0,0,-91,-87,-78,-20,-38,69,68,74,81,75,0,0,0,0,0,0,0,0,0,0,0,0,0,0,0,0,0,90,88,167,173,148,66,186,185,243,229,447,426,460,425,325,-58,221,0,12,-29973,-29975,-29974,-29975,-29975,-29976,-29977,-29977,-29979,-29978,-29988]} 1. e4 e5 2. Nf3 Nc6 3. Bc4 Nf6 4. d3 Be7 5. O-O O-O 6. c3 d6 7. Re1 Kh8 8. Nbd2 {[%cal Bb1d2,Bd2f1,Bf1e3,Be3d5][%mdl 32] C55: Two Knights: 4 d3, 4 d4 exd4 5 e5 and Max Lange Attack.} Ng8 9. Nf1 f5 10. Ne3 {[#] White has an edge.} f4 $146 ({Predecessor:} 10... fxe4 11. dxe4 Nf6 12. Ng5 Qe8 13. Qb3 Nd8 14. Nc2 Ng4 15. f3 Bxg5 16. Bxg5 Nf6 {½-½ (57) Blond Hanten,E (1467)-Miklasova,E (1583) Malenovice 2013}) 11. Nd5 g5 12. h3 Nh6 (12... Na5 $11) 13. Nh2 Rg8 (13... Na5 $11 {remains equal.}) 14. Nxe7 $16 {[%mdl 64] Discovered Attack} Qxe7 15. Bxg8 Nxg8 16. Qh5 (16. b4 $142) 16... Qg7 17. g3 $2 ({Better is} 17. h4 $16) 17... Nf6 $15 18. Qf3 g4 $2 (18... Bxh3 $17 {stays on course.} 19. Bd2 Rf8) 19. Nxg4 Nxg4 20. hxg4 Bxg4 21. Qg2 (21. Qh1 $1 $14) 21... Rg8 $2 (21... Qh6 $1 $15) 22. gxf4 $2 {[%mdl 8192]} (22. f3 $16) 22... Bf3 $4 {[%mdl 8192]} (22... Qf7 $19 23. Kf1 Qh5) 23. Qxg7+ $18 Rxg7+ 24. Kf1 $2 (24. Kh2 $1 $18) 24... Rg4 $1 $11 {[%cal Rg4h4] ( -> ...Rh4)} 25. Re3 $1 {[%cal Re3f3]} Bg2+ $1 26. Ke1 {aiming for f5.} exf4 27. Re2 (27. f3 $1 $11 Rg3 28. Re2 Bxf3 29. Bxf4 Rg1+ 30. Kf2 {[%mdl 64] Double Attack} Rxa1 31. Kxf3) 27... Bf3 $17 28. Kd2 Bxe2 ({Black should try} 28... h5 $1 $17 {...h4 is the strong threat.} 29. Re1 h4) 29. Kxe2 {[%mdl 4096] Endgame KRB-KRN} Ne5 (29... Rg1 $15) 30. Bd2 $14 f3+ 31. Ke3 Rg2 32. b3 (32. c4 $16) 32... Ng4+ $1 $11 33. Kxf3 Rxf2+ {[%mdl 64] Double Attack} 34. Kxg4 {And now Be3 would win.} Rxd2 {KR-KR} 35. d4 Kg7 36. Kf4 Kf6 37. e5+ dxe5+ 38. dxe5+ Ke6 39. Rh1 Rf2+ 40. Ke3 Rf7 (40... Rxa2 $11 41. Rxh7 Ra3) 41. Ke4 $16 c6 (41... a5 $16 {might work better.}) 42. Rh6+ $18 Ke7 43. e6 (43. b4 $16) 43... Rg7 {[#]} (43... Rf2 $1 $14) 44. Kf5 $1 a5 (44... c5 {was worth a try.} 45. Rh3 a6) 45. a3 b5 $2 (45... Kd8 {is a better defense.} 46. Kf6 Rg1) 46. b4 a4 47. Rh5 Kd6 {[#]} 48. Rh6 $2 (48. Rh3 $1 $18) 48... Ke7 $2 {[%mdl 8192]} (48... Re7 $15 {keeps the upper hand.}) 49. Rf6 $2 ({White should play} 49. Rh1 $18) 49... Kd6 50. Rf7 $2 {[%mdl 8192]} (50. Rf8 $11) 50... Rxf7+ {Black mates.} 51. exf7 Ke7 52. f8=Q+ Kxf8 53. Kg5 Kg7 54. Kh5 h6 55. c4 {[%mdl 32768] Quite a comeback for Black. Accuracy: White = 48%, Black = 45%. . Loss on time!?} 1-0

[Event "390 Stay Safe Play From Home series"]
[Site "Emanuel Lasker Arena"]
[Date "2020.08.17"]
[Round "6"]
[White "Ionelluca"]
[Black "Padmaesh M K"]
[Result "1-0"]
[WhiteElo "2015"]
[BlackElo "1827"]
[Annotator "TA"]
[PlyCount "93"]
[EventDate "2020.08.17"]
[EventType "swiss (blitz)"]

{[%evp 9,93,32,40,22,30,30,45,36,47,65,59,65,75,70,80,81,146,143,142,101,108,101,114,99,103,89,115,105,223,230,266,224,245,227,223,205,212,131,131,119,122,111,228,216,213,205,229,215,467,450,1095,337,345,341,333,285,265,278,343,334,500,500,515,514,917,679,5431,910,5043,4758,29972,29973,29972,29973,29966,5047,29992,29993,29994,29995,29995,29996,29998,29997,29997,1933]} 1. c4 e5 2. Nc3 c5 3. g3 Nc6 4. Bg2 f5 5. d3 Nf6 6. Bd2 {A36: Symmetrical English vs ...g6: 4 Bg2 Bg7.} d6 7. a3 Be7 8. Rb1 {White is slightly better.} a5 {[#]} 9. e3 $146 ({Predecessor:} 9. Nd5 O-O 10. Bc3 f4 11. Nxf6+ Bxf6 12. Bd5+ Kh8 13. Nf3 Qe7 14. Nd2 fxg3 15. hxg3 {0-1 (34) Desanlis,A (1610)-Guilbaut,B (1790) Champagne Ardenne 2001}) 9... O-O 10. Nge2 Be6 11. Nd5 Re8 12. O-O Bxd5 (12... Ra6 $142) 13. cxd5 $16 Nb8 14. b4 axb4 15. axb4 Nbd7 16. bxc5 Nxc5 17. d4 exd4 18. Nxd4 Rb8 (18... g6 $16 {was worth a try.}) 19. Nxf5 $18 Qd7 20. Nd4 Nfe4 21. Bb4 Bf6 22. Qc2 Rbc8 23. Qa2 Bxd4 24. exd4 Nd3 25. Qb3 Ndxf2 (25... Nxb4 $16 26. Qxb4 Nc3) 26. Rxf2 Nxf2 27. Kxf2 Qf5+ {[#]} 28. Kg1 $1 ({Stronger than} 28. Bf3 g5 $11) 28... Rc2 $2 (28... Re3 29. Qxe3 Qxb1+ 30. Bf1 (30. Be1 Ra8 $18) 30... Rf8) 29. Rf1 Qg4 (29... Qg6 $142 30. Qf3 Rc7) 30. Qf3 $2 (30. Qxc2 Qxd4+ 31. Kh1) 30... Qxd4+ 31. Kh1 Qf6 32. Qxf6 gxf6 33. Bxd6 Kg7 34. Bf3 Re3 (34... Rc4 $142 35. Rb1 b5 36. Rxb5 Rc2) 35. Bf4 Ra3 36. d6 Raa2 (36... Rc4 $142 37. Bxb7 Rb4) 37. g4 b5 38. g5 (38. d7 $142 Rd2 39. Bxd2 Rxd2 40. Rd1 Rxd7 41. Rxd7+ Kg6 42. Rb7) 38... fxg5 39. Be5+ Kg6 40. Be4+ {[%mdl 64] Double Attack} Kh5 41. Bxc2 Rxc2 {[%mdl 4096] Endgame KRB-KR} 42. Rd1 {Threatening mate with d7.} Kh4 43. d7 {White mates.} Kh3 44. d8=Q Rxh2+ 45. Bxh2 g4 {[#]} 46. Qd3+ $1 Kh4 47. Qxh7+ {Accuracy: White = 77%, Black = 42%.} (47. Qf5 $142 b4 48. Qf6+ Kh5 49. Rd5#) 1-0

[Event "390 Stay Safe Play From Home series"]
[Site "Emanuel Lasker Arena"]
[Date "2020.08.17"]
[Round "6"]
[White "Greblha"]
[Black "MihailoVujic"]
[Result "0-1"]
[WhiteElo "1932"]
[BlackElo "2128"]
[Annotator "TA"]
[PlyCount "54"]
[EventDate "2020.08.17"]
[EventType "swiss (blitz)"]

{[%evp 9,54,-8,0,0,0,3,19,-61,-25,-20,33,-26,-14,-93,42,-52,-64,-60,-25,-22,0,-37,-23,-37,-30,-283,-154,-340,-323,-301,-296,-276,-69,-415,-406,-396,-388,-29991,-889,-6542,-6291,-29991,-29992,-29992,-29993,-29994,-29995]} 1. e4 e5 2. Nf3 Nc6 3. Bb5 f5 4. Nc3 fxe4 5. Bxc6 bxc6 6. Nxe4 {C63: Ruy Lopez: Schliemann/Jaenisch Defence.} d5 7. Ng3 $1 e4 8. Nd4 {[#]} (8. Ne5 $11) 8... Nf6 $146 (8... Qf6 $5 {[%cal Rf6d4]} 9. c3 Bd6 $15) ({Predecessor:} 8... Qf6 9. Nb3 Ba6 10. d3 Bd6 11. O-O exd3 12. Re1+ Ne7 13. cxd3 O-O 14. Be3 Qxb2 {½-½ (25) Wood,B (1137)-Loh,B (1240) IECC email 1999}) 9. d3 Bc5 (9... Bg4 $11 10. f3 exf3 11. gxf3 Bd7) 10. Nb3 (10. dxe4 $14 dxe4 11. Be3) 10... Bd6 11. O-O (11. dxe4 $11 O-O 12. Bg5) 11... exd3 (11... O-O $1 $17 12. dxe4 Ng4) 12. Qxd3 (12. Re1+ $14 Kf7 13. Qxd3) 12... O-O $15 13. Bg5 Qe8 14. Nd4 Ne4 15. Nxe4 dxe4 16. Qc4+ Kh8 $1 17. Qxc6 $2 {[%mdl 8192]} ({Avoid the trap} 17. Nxc6 $2 Bb7 $19) (17. Bh4 $1 $11) 17... Qh5 $40 {[%mdl 128] Black attacks with force.} ({Black should play} 17... Bd7 $19 18. Qc3 Qe5 $1 {[%mdl 576] Double Attack}) 18. f4 $2 {[#]} (18. h4 $17 {was necessary.} Rb8 19. Qxe4) 18... exf3 $3 $19 {[%mdl 512]} 19. Nxf3 Bg4 {Hoping for ...Bxf3.} 20. h4 {[#]} Rae8 $2 (20... h6 $1 $19 21. Be3 Rae8) 21. Nd4 $2 {[%mdl 8192]} (21. Rae1 $1 $15) 21... h6 22. Rxf8+ Rxf8 23. Be3 $2 (23. Rf1 $19 Rxf1+ 24. Kxf1 hxg5 25. hxg5) 23... Qxh4 (23... Qe5 $142 24. Qxd6 Qxe3+ 25. Kh1 cxd6 26. b4 Qg3 27. Nf5 Rxf5 28. Re1 Qxe1+ {[%mdl 64] Double Attack} 29. Kh2 Rf1 30. g3 Rf2#) 24. Nf3 Bxf3 25. gxf3 Qg3+ {[%mdl 64] Double Attack. Black mates.} 26. Kf1 Rxf3+ {[%mdl 64] Double Attack} 27. Ke2 Rxe3+ {Accuracy: White = 30%, Black = 43%.} 0-1

[Event "390 Stay Safe Play From Home series"]
[Site "Emanuel Lasker Arena"]
[Date "2020.08.17"]
[Round "6"]
[White "Lazieri3"]
[Black "Haris kollari 13"]
[Result "0-1"]
[WhiteElo "1882"]
[BlackElo "1889"]
[Annotator "NA RC"]
[PlyCount "94"]
[EventDate "2020.08.17"]
[EventType "swiss (blitz)"]

1. e4 {[%emt 0:00:01]} e6 {[%emt 0:00:01]} 2. Nc3 {[%emt 0:00:00]} d5 {[%emt 0:00:01]} 3. Nf3 {[%emt 0:00:00]} d4 {[%emt 0:00:05]} 4. Ne2 {[%emt 0:00:01]} c5 {[%emt 0:00:01]} 5. d3 {[%emt 0:00:00]} Nc6 {[%emt 0:00:01]} 6. g3 {[%emt 0:00:00]} e5 {[%emt 0:00:01]} 7. Bg2 {[%emt 0:00:00]} f6 {[%emt 0:00:02]} 8. O-O {[%emt 0:00:00]} Be6 {[%emt 0:00:01]} 9. Nh4 {[%emt 0:00:01]} Qd7 {[%emt 0:00:01]} 10. f4 {[%emt 0:00:02]} Bd6 {[%emt 0:00:06]} 11. f5 {[%emt 0:00:06]} Bf7 {[%emt 0:00:01]} 12. a3 {[%emt 0:00:03]} g6 {[%emt 0:00:03]} 13. Bd2 {[%emt 0:00:06]} O-O-O {[%emt 0:00:04]} 14. b4 {[%emt 0:00:03]} cxb4 {[%emt 0:00:04]} 15. axb4 {[%emt 0:00:00]} a6 {[%emt 0:00:02]} 16. b5 {[%emt 0:00:04]} axb5 {[%emt 0:00:02]} 17. c3 {[%emt 0:00:04]} dxc3 {[%emt 0:00:06]} 18. Nxc3 {[%emt 0:00:00]} Nd4 {[%emt 0:00:05]} 19. Qb1 {[%emt 0:00:22]} Qc6 {[%emt 0:00:07]} 20. Rc1 {[%emt 0:00:06]} Bc5 {[%emt 0:00:02]} 21. Nd5 {[%emt 0:00:10]} Nb3+ {[%emt 0:00:20]} 22. Rxc5 {[%emt 0:00:07]} Qxc5+ {[%emt 0:00:05]} 23. Be3 {[%emt 0:00:01]} Nd4 {[%emt 0:00:11]} 24. Qb2 {[%emt 0:00:13]} Bxd5 {[%emt 0:00:05]} 25. exd5 {[%emt 0:00:11]} Kd7 {[%emt 0:00:11]} 26. fxg6 {[%emt 0:00:08]} hxg6 {[%emt 0:00:02]} 27. Rc1 {[%emt 0:00:04]} Qb6 {[%emt 0:00:05]} 28. Bh3+ {[%emt 0:00:06]} f5 {[%emt 0:00:02]} 29. Nxg6 {[%emt 0:00:13]} Rxh3 {[%emt 0:00:04]} 30. Nxe5+ {[%emt 0:00:01]} Kd6 {[%emt 0:00:07]} 31. Bxd4 {[%emt 0:00:02]} Qa5 {[%emt 0:00:02]} 32. Bc5+ {[%emt 0:00:09]} Kxd5 {[%emt 0:00:02]} 33. Qd4+ {[%emt 0:00:01]} Ke6 {[%emt 0:00:01]} 34. Qxd8 {[%emt 0:00:02]} Qxd8 {[%emt 0:00:02]} 35. Re1 {[%emt 0:00:01]} Kf6 {[%emt 0:00:06]} 36. d4 {[%emt 0:00:04]} Nh6 {[%emt 0:00:12]} 37. Kg2 {[%emt 0:00:02]} Rh5 {[%emt 0:00:01]} 38. Nf3 {[%emt 0:00:04]} Ng4 {[%emt 0:00:08]} 39. h3 {[%emt 0:00:06]} Qd5 {[%emt 0:00:09]} 40. Be7+ {[%emt 0:00:04]} Kf7 {[%emt 0:00:02]} 41. Bc5 {[%emt 0:00:03]} Nf6 {[%emt 0:00:02]} 42. Re7+ {[%emt 0:00:01]} Kg8 {[%emt 0:00:01]} 43. Kf2 {[%emt 0:00:01]} f4 {[%emt 0:00:01]} 44. g4 {[%emt 0:00:02]} Rxh3 {[%emt 0:00:01]} 45. Re8+ {[%emt 0:00:01]} Nxe8 {[%emt 0:00:03]} 46. Ne5 {[%emt 0:00:02]} Rh2+ {[%emt 0:00:01]} 47. Ke1 {[%emt 0:00:01]} Qh1# {[%emt 0:00:01] (Lag: Av=0.56s, max=1.2s) (Lag: Av=0.56s, max=1.2s) (Lag: Av=0.56s, max=1.2s)} 0-1

[Event "390 Stay Safe Play From Home series"]
[Site "Emanuel Lasker Arena"]
[Date "2020.08.17"]
[Round "6"]
[White "W Nelles"]
[Black "Mepe_Nika"]
[Result "0-1"]
[WhiteElo "1396"]
[BlackElo "2301"]
[Annotator "TA"]
[PlyCount "66"]
[EventDate "2020.08.17"]
[EventType "swiss (blitz)"]

{[%evp 9,66,-39,-22,-22,-18,-25,-12,-67,-76,-395,-62,-62,-64,-92,-86,-85,-84,-112,-105,-175,-39,-41,0,-10,0,-64,-54,-82,-91,-100,-35,-52,-36,-32,-51,-88,-83,-97,0,-210,-205,-205,-220,-207,-181,-284,-252,-526,-518,-717,-664,-1160,-1124,-1232,-1229,-1212,-1187,-1942,-1777]} 1. e4 c6 2. Nf3 d5 3. exd5 cxd5 4. d3 Nc6 5. Bf4 Bg4 6. Be2 {B10: Caro-Kann: 2 d3 and 2 c4.} e6 {[#]} 7. h3 $146 ({Predecessor:} 7. O-O Bd6 8. Ne5 Nxe5 9. Bxe5 Bxe5 10. Bxg4 Bxb2 11. Nd2 Bxa1 12. Qxa1 Nf6 13. Re1 {0-1 (30) Cayata,T-Lescano,T Villaguay 2016}) 7... Bh5 8. g4 (8. O-O $11) 8... Bg6 $1 $15 9. Nh4 $2 {[%mdl 8192]} (9. Qd2 $17) 9... Bd6 $2 (9... Qxh4 $19 10. Nc3 Bc5) 10. Bxd6 Qxd6 11. Nxg6 hxg6 12. Nd2 Nf6 13. c3 Qf4 14. Nf3 {[#]} (14. Nb3 $17 {was necessary.}) 14... O-O-O (14... Nxg4 $1 $19 {[%mdl 512]} 15. Qc1 (15. hxg4 Rxh1+) 15... Qf5) 15. Qd2 Qxd2+ 16. Kxd2 e5 17. g5 (17. Ng5 $11 Rd7 18. Bd1) 17... Nh5 18. Rad1 Nf4 $36 {[%mdl 2048] Black has strong initiative.} 19. h4 e4 (19... f6 $17 20. gxf6 gxf6) 20. Nd4 Nxd4 21. cxd4 f5 22. Rc1+ Kb8 23. Ke3 Ne6 ({Much weaker is} 23... exd3 $6 24. Bf3 $11) (23... Nxd3 $6 24. Bxd3 exd3 25. Kxd3 $11) ({Better is} 23... Ng2+ $17 24. Kd2 Rxh4 25. Rxh4 Nxh4) 24. Rc2 $2 (24. dxe4 $11 dxe4 25. Rcd1) 24... f4+ $19 25. Kd2 Nxd4 {aiming for ...e3+!} 26. Rc5 Ne6 27. Rb5 {[#]} (27. Rcc1 $142) 27... Nxg5 $1 {[%mdl 512]} 28. Rc1 $2 (28. Rb4 {was worth a try.}) (28. hxg5 Rxh1) 28... Rxh4 {Black is clearly winning.} 29. a4 Rh2 30. Ke1 Rh1+ 31. Kd2 {[#]} e3+ $1 32. fxe3 fxe3+ 33. Kc2 Rc8+ {Accuracy: White = 28%, Black = 64%.} 0-1

[Event "390 Stay Safe Play From Home series"]
[Site "Emanuel Lasker Arena"]
[Date "2020.08.17"]
[Round "7"]
[White "MihailoVujic"]
[Black "W Nelles"]
[Result "1-0"]
[WhiteElo "2136"]
[BlackElo "1395"]
[Annotator "RC"]
[PlyCount "55"]
[EventDate "2020.08.17"]
[EventType "swiss (blitz)"]

1. e4 {[%emt 0:00:02]} e5 {[%emt 0:00:02]} 2. Nf3 {[%emt 0:00:02]} Nc6 {[%emt 0:00:01]} 3. d4 {[%emt 0:00:00]} exd4 {[%emt 0:00:01]} 4. Bc4 {[%emt 0:00:00]} Nf6 {[%emt 0:00:02]} 5. e5 {[%emt 0:00:01]} Ne4 {[%emt 0:00:06]} 6. Bd5 {[%emt 0:00:01]} f5 {[%emt 0:00:09]} 7. exf6 {[%emt 0:00:08]} Nxf6 {[%emt 0:00:02]} 8. Bb3 {[%emt 0:00:03]} d5 {[%emt 0:00:04]} 9. O-O {[%emt 0:00:06]} Bc5 {[%emt 0:00:04]} 10. Re1+ {[%emt 0:00:02]} Ne4 {[%emt 0:00:04]} 11. Ng5 {[%emt 0:00:05]} O-O {[%emt 0:00:06]} 12. Nxe4 {[%emt 0:00:03]} Kh8 {[%emt 0:00:15]} 13. Nxc5 {[%emt 0:00:01]} b6 {[%emt 0:00:08]} 14. Ne6 {[%emt 0:00:04]} Bxe6 {[%emt 0:00:02]} 15. Rxe6 {[%emt 0:00:00]} Qh4 {[%emt 0:00:13]} 16. g3 {[%emt 0:00:08]} Qh3 {[%emt 0:00:05]} 17. Bxd5 {[%emt 0:00:25]} Rae8 {[%emt 0:00:07]} 18. Rxe8 {[%emt 0:00:04]} Rxe8 {[%emt 0:00:03]} 19. Bxc6 {[%emt 0:00:03]} Rf8 {[%emt 0:00:04]} 20. Bf4 {[%emt 0:00:03]} h6 {[%emt 0:00:12]} 21. Bg2 {[%emt 0:00:01]} Qd7 {[%emt 0:00:04]} 22. Nd2 {[%emt 0:00:01]} g5 {[%emt 0:00:06]} 23. Bxg5 {[%emt 0:00:02]} hxg5 {[%emt 0:00:02]} 24. Qh5+ {[%emt 0:00:00]} Qh7 {[%emt 0:00:08]} 25. Qxg5 {[%emt 0:00:01]} Qg7 {[%emt 0:00:03]} 26. Qxg7+ {[%emt 0:00:02]} Kxg7 {[%emt 0:00:01]} 27. Re1 {[%emt 0:00:00]} Rf7 {[%emt 0:00:03]} 28. Ne4 {[%emt 0:00:01] W Nelles gibt auf W Nelles gibt auf W Nelles gibt auf (Lag: Av=0.81s, max=1.4s) (Lag: Av=0.81s, max=1.4s) (Lag: Av=0.81s, max=1.4s)} 1-0